00473nam a2200145Ia 4500008004100000041000800041082001200049100001800061245004500079260002500124300003200149365001100181999001700192952011800209240624s9999 xx 000 0 und d aeng a823 HOB aHOBSBAWM ERIC aHOW TO CHANGE THE WORLD TALES OF MARX AN c2011aLondonbAbacus aviii, : 470 : p. : cm. ; 20 cRSb25 c19916d19916 00104070aIMTNbIMTNcRack 40-Bd2012-10-03eAPg599.00o823 HOBp19916r2024-06-24 00:00:00t1w2024-06-24yBK